| 000 | 00356nam a2200145Ia 4500 | ||
|---|---|---|---|
| 008 | 230917s9999||||xx |||||||||||||| ||und|| | ||
| 040 |
_e130444 _aMAIN |
||
| 041 | _aEnglish | ||
| 082 | _a338.6 K46I | ||
| 100 | _aKerr, Clark | ||
| 245 | 0 | _aIndustrialism and industrial man | |
| 260 |
_aGreat Britain _bHeinemann _c1962 |
||
| 300 | _a317 p. | ||
| 942 | _cBK | ||
| 999 |
_c155947 _d155947 |
||